Reprografie. Symboly na mikrografických médiích : ČSN 01 3805. Schválena 11. 3. 1983

Gespeichert in:
Bibliographische Detailangaben
Format: Buch
Sprache:Tschechisch
Veröffentlicht: Praha : Vydavatelství Úřadu pro normalizaci a měření, 1983
Tags: Tag hinzufügen
Keine Tags, Fügen Sie das erste Tag hinzu!

MARC

LEADER 00000nam a22000003a 4500
001 0108601
003 SK-STU
005 20240305130921.9
007 ta
008 240305s ----xo-----e------000-0-----d
040 |a STU  |b slo 
041 0 |a cze 
044 |a xr 
245 1 0 |a Reprografie. Symboly na mikrografických médiích :  |b ČSN 01 3805. Schválena 11. 3. 1983 
260 |a Praha :  |b Vydavatelství Úřadu pro normalizaci a měření,  |c 1983 
300 |a 6 s. 
996 |b 284EO00612  |c E*O-612  |l EE0101  |s P  |a 0  |w 0108601_0001